header

Market response models (Record no. 66216)

MARC details
000 -LEADER
fixed length control field 01669pam a2200385Ia 4500
082 04 - DEWEY DECIMAL CLASSIFICATION NUMBER
Classification number 658.8/./015195
100 1# - MAIN ENTRY--AUTHOR NAME
Personal name Hanssens, Dominique M.
245 10 - TITLE STATEMENT
Title Market response models
250 ## - EDITION STATEMENT
Edition statement 2nd ed.
260 ## - PUBLICATION, DISTRIBUTION, ETC. (IMPRINT)
Place of publication Boston :
Name of publisher Kluwer Academic,
Place of publication Norwell, Mass. :
Name of publisher Distributiors for North, Central and South America, Kluwer Academic Publishers,
Year of publication c2001.
300 ## - PHYSICAL DESCRIPTION
Number of Pages xiv, 516 p. :
Other physical details ill.
490 1# - SERIES STATEMENT
Series statement International series in quantitative marketing ;
650 #0 - SUBJECT ADDED ENTRY--TOPICAL TERM
Topical Term Market surveys
Topical Term Sales forecasting
Topical Term Time-series analysis.
700 1# - ADDED ENTRY--PERSONAL NAME
Personal name Parsons, Leonard J.
Personal name Schultz, Randall L.
856 40 - ELECTRONIC LOCATION AND ACCESS
Uniform Resource Identifier http://site.ebrary.com/lib/rucke/Doc?id=10053331

No items available.

© 2026 Rongo University
Contact us: librarian | system librarian | Rongo university